ბათუმის შოთა რუსთაველის სახელმწიფო უნივერსიტეტის ბიბლიოთეკა

Дельфы / (ბიბ.ჩანაწერი № 61101)

000 -LEADER
fixed length control field 00671nam a22001817a 4500
005 - DATE AND TIME OF LATEST TRANSACTION
control field 20231219153138.0
008 - FIXED-LENGTH DATA ELEMENTS--GENERAL INFORMATION
fixed length control field 231219s1972 ru ||||| |||| 00| 0 rus d
041 ## - LANGUAGE CODE
Language code of text/sound track or separate title rus
080 ## - UNIVERSAL DECIMAL CLASSIFICATION NUMBER
Universal Decimal Classification number 72.03+7 C-59
100 ## - MAIN ENTRY--PERSONAL NAME
Personal name Соколов, Г. И.
9 (RLIN) 20789
245 ## - TITLE STATEMENT
Title Дельфы /
Statement of responsibility, etc. Г.И.Соколов.
264 ## - PRODUCTION, PUBLICATION, DISTRIBUTION, MANUFACTURE, AND COPYRIGHT NOTICE
Place of production, publication, distribution, manufacture М. :
Name of producer, publisher, distributor, manufacturer Искусство,
Date of production, publication, distribution, manufacture, or copyright notice 1972.
300 ## - PHYSICAL DESCRIPTION
Extent 183 с.:
Other physical details ил.;
Dimensions 17 см.
653 ## - INDEX TERM--UNCONTROLLED
keyword დელფი
653 ## - INDEX TERM--UNCONTROLLED
keyword აპოლონის სამლოცველო და სამლოცველო
653 ## - INDEX TERM--UNCONTROLLED
keyword კლეობისისა და ბიტონის ქანდაკებები
942 ## - ADDED ENTRY ELEMENTS (KOHA)
Source of classification or shelving scheme
Koha item type წიგნი
ეგზემპლარები
Withdrawn status Lost status Source of classification or shelving scheme Damaged status Not for loan Permanent Location Current Location Shelving location Date acquired Cost, normal purchase price Full call number Barcode Date last seen Copy number Uniform Resource Identifier Price effective from Koha item type Public note
          ბათუმის შოთა რუსთაველის სახელმწიფო უნივერსიტეტის მთავარი ბიბლიოთეკა ბათუმის შოთა რუსთაველის სახელმწიფო უნივერსიტეტის მთავარი ბიბლიოთეკა წიგნსაცავი 2023-12-19 5.00 72.03+7 C-59 65615 2023-12-19 65615 ბსუ-ს საპატიო დოქტორის გურამ ლორთქიფანიძის საჩუქარი 2023-12-19 წიგნი 5 ლ.